[Event "Barcelona La Lira Spring op 1st"]
[Site "Barcelona"]
[Date "2008.05.15"]
[Round "6.14"]
[White "Cahue Soria, Francisco"]
[Black "Fernandez Gilbert, Mario"]
[Result "1-0"]
[WhiteElo "1966"]
[BlackElo "1826"]
[PlyCount "57"]
[EventDate "2008.04.03"]
[EventType "swiss"]
[EventRounds "8"]
[EventCountry "ESP"]
[SourceTitle "EXT 2024"]
[Source "ChessBase"]
[SourceDate "2023.10.10"]
[SourceVersion "1"]
[SourceVersionDate "2023.10.10"]
[SourceQuality "1"]

1. d4 b5 2. e4 Bb7 3. Bd3 a6 4. Be3 e6 5. Nd2 Nf6 6. c3 Be7 7. f4 d6 8. Nh3 c5 9. 0-0 h5 10. Kh1 Ng4 11. Bg1 Nd7 12. e5 c4 13. Bc2 Qc7 14. Qe2 0-0-0 15. a4 Bd5 16. axb5 axb5 17. b3 cxb3 18. Bxb3 Qb7 19. Bxd5 exd5 20. Rfb1 dxe5 21. Rxb5 Nb6 22. dxe5 d4 23. Bxd4 Rxd4 24. cxd4 Rh6 25. d5 Qd7 26. d6 Bd8 27. Qc4+ Kb7 28. Qd5+ Qc6 29. Ra7+ 1-0

[Event "Barcelona La Lira Spring op 1st"]
[Site "Barcelona"]
[Date "2008.04.17"]
[Round "3.15"]
[White "Fernandez Gilbert, Mario"]
[Black "Menarguez Martinez, Jose"]
[Result "1-0"]
[WhiteElo "1826"]
[BlackElo "1801"]
[PlyCount "128"]
[EventDate "2008.04.03"]
[EventType "swiss"]
[EventRounds "8"]
[EventCountry "ESP"]
[SourceTitle "EXT 2024"]
[Source "ChessBase"]
[SourceDate "2023.10.10"]
[SourceVersion "1"]
[SourceVersionDate "2023.10.10"]
[SourceQuality "1"]

1. b4 b5 2. Bb2 Nf6 3. e3 Bb7 4. Nf3 e6 5. a3 a6 6. c4 bxc4 7. Bxc4 c6 8. 0-0 g6 9. d4 Bg7 10. Nc3 0-0 11. Rc1 Re8 12. Qc2 c5 13. dxc5 Bxf3 14. gxf3 Nc6 15. Qe2 Qc8 16. Ne4 Nxe4 17. Bxg7 Kxg7 18. fxe4 Kg8 19. f4 Rd8 20. Qg2 Ne7 21. Qg5 Re8 22. h4 h5 23. Be2 Kh7 24. Rf2 Qc6 25. Bf3 d5 26. Rg2 dxe4 27. Bxh5 Qd5 28. Be2 Qd2 29. Rf1 Qxe3+ 30. Rff2 Rad8 31. h5 Kg7 32. Qe5+ Kg8 33. Qf6 Nd5 34. Qg5 Ne7 35. hxg6 Nxg6 36. Bh5 Qh3 37. Rh2 Qf5 38. Qxf5 exf5 39. Bxg6 fxg6 40. Rd2 Rd3 41. Rxd3 exd3 42. Rd2 Re4 43. Rxd3 Rxf4 44. Rd6 g5 45. Rg6+ Kf7 46. Rxg5 Kf6 47. Rg3 Rc4 48. Rd3 f4 49. Rd6+ Ke5 50. Rxa6 Ke4 51. Re6+ Kf3 52. c6 Rc1+ 53. Kh2 Kf2 54. b5 Rc5 55. Rh6 Rxb5 56. c7 Rc5 57. Rh7 f3 58. Kh3 Kf1 59. Kg3 f2 60. Rf7 Rc3+ 61. Kh2 Ke1 62. Re7+ Kd1 63. Kg2 Rc2 64. Kf1 Kc1 1-0

[Event "Barcelona La Lira Spring op 1st"]
[Site "Barcelona"]
[Date "2008.04.10"]
[Round "2.11"]
[White "Martorell Aubanell, Adria"]
[Black "Fernandez Gilbert, Mario"]
[Result "1-0"]
[WhiteElo "2055"]
[BlackElo "1826"]
[PlyCount "95"]
[EventDate "2008.04.03"]
[EventType "swiss"]
[EventRounds "8"]
[EventCountry "ESP"]
[SourceTitle "EXT 2024"]
[Source "ChessBase"]
[SourceDate "2023.10.10"]
[SourceVersion "1"]
[SourceVersionDate "2023.10.10"]
[SourceQuality "1"]

1. e4 d5 2. exd5 Qxd5 3. Nc3 Qd6 4. g3 Bf5 5. Bg2 Nc6 6. Nge2 0-0-0 7. d3 a6 8. a3 Nf6 9. 0-0 e5 10. b4 Qd7 11. Bg5 Bh3 12. Qb1 Bxg2 13. Kxg2 Nd4 14. Nxd4 Qxd4 15. Qb3 Rd7 16. Be3 Qd6 17. b5 axb5 18. Qxb5 Nd5 19. Qa4 Qa6 20. Qxa6 bxa6 21. Nxd5 Rxd5 22. Rfb1 Rb5 23. a4 Rb7 24. Rxb7 Kxb7 25. Rb1+ Ka8 26. f4 f6 27. fxe5 fxe5 28. Rf1 Bd6 29. Rf7 Rg8 30. c4 Kb7 31. c5 Bf8 32. Rf5 Be7 33. Rxe5 Bf6 34. Re4 Rd8 35. d4 Kc6 36. Re6+ Kb7 37. c6+ Kc8 38. Kf3 Bxd4 39. Bg5 Rf8+ 40. Ke4 Bg1 41. Bf4 Bxh2 42. Re7 g6 43. Rxc7+ Kd8 44. Rd7+ Kc8 45. Be5 h5 46. Rb7 Kd8 47. Rb8+ Ke7 48. c7 1-0

[Event "Barcelona La Lira Spring op 1st"]
[Site "Barcelona"]
[Date "2008.04.03"]
[Round "1.25"]
[White "Fernandez Gilbert, Mario"]
[Black "Bricio Carrasco, Sebastian"]
[Result "1-0"]
[WhiteElo "1826"]
[BlackElo "1700"]
[PlyCount "73"]
[EventDate "2008.04.03"]
[EventType "swiss"]
[EventRounds "8"]
[EventCountry "ESP"]
[SourceTitle "EXT 2024"]
[Source "ChessBase"]
[SourceDate "2023.10.10"]
[SourceVersion "1"]
[SourceVersionDate "2023.10.10"]
[SourceQuality "1"]

1. b4 e5 2. Bb2 d6 3. c4 Nf6 4. e3 Be7 5. Be2 0-0 6. Nf3 b6 7. 0-0 Bb7 8. d4 exd4 9. exd4 Nbd7 10. b5 d5 11. Nc3 Re8 12. Ne5 Bd6 13. Nc6 Bxc6 14. bxc6 Nb8 15. cxd5 Bb4 16. Bc4 Qd6 17. Nb5 Qd8 18. Qb3 Bd6 19. Nxd6 Qxd6 20. Ba3 Qf4 21. d6 Rd8 22. Bxf7+ Kh8 23. g3 Qxd4 24. dxc7 Rc8 25. cxb8Q Raxb8 26. Rac1 Qg4 27. Be6 Qh5 28. Bxc8 Rxc8 29. Rcd1 h6 30. Qe6 Re8 31. Qc4 Qh3 32. Rd4 Rc8 33. c7 Kh7 34. Qd3+ g6 35. Rh4 Qe6 36. Qe3 Qd7 37. Qxh6+ 1-0